Phương pháp toán lý

VL Phương trình Toán Lý

Zapisane w:
Opis bibliograficzny
1. autor: Đỗ Đình Thanh
Kolejni autorzy: Vũ Văn Hùng
Format: Książka
Język:Undetermined
Wydane: Hà Nội Giáo dục 2007
Hasła przedmiotowe:
Dostęp online:http://lrc.tdmu.edu.vn/opac/search/detail.asp?aID=2&ID=3214
Etykiety: Dodaj etykietę
Nie ma etykietki, Dołącz pierwszą etykiete!
Thư viện lưu trữ: Trung tâm Học liệu Trường Đại học Thủ Dầu Một
LEADER 00680nam a2200217Ia 4500
001 TDMU_3214
008 210410s9999 xx 000 0 und d
082 |a 530.15 
090 |b D6496 
100 |a Đỗ Đình Thanh 
245 0 |a Phương pháp toán lý 
245 0 |c Đỗ Đình Thanh 
260 |a Hà Nội 
260 |b Giáo dục 
260 |c 2007 
300 |a 320tr. 
520 |a VL Phương trình Toán Lý 
650 |a Toán lý  |x Phương pháp dạy học 
700 |a Vũ Văn Hùng 
856 |u http://lrc.tdmu.edu.vn/opac/search/detail.asp?aID=2&ID=3214 
980 |a Trung tâm Học liệu Trường Đại học Thủ Dầu Một